Antioxidants : (Record no. 76463)

MARC details
000 -LEADER
fixed length control field 00625nam a22002057a 4500
005 - DATE AND TIME OF LATEST TRANSACTION
control field 20130604144852.0
010 ## - LCCN (DPL NO)
LC control number ENG-107517
020 ## - INTERNATIONAL STANDARD BOOK NUMBER
International Standard Book Number 9788122202694
Terms of availability 195.00
020 ## - INTERNATIONAL STANDARD BOOK NUMBER
International Standard Book Number 8122202691
Terms of availability 195.00
035 ## - SYSTEM CONTROL NUMBER
System control number EN-91050
037 ## - SOURCE OF ACQUISITION
Source of stock number/acquisition DBAD/PUB
082 ## - DEWEY DECIMAL CLASSIFICATION NUMBER
Classification number 613.2
100 ## - MAIN ENTRY--PERSONAL NAME
Personal name Youngson,Robert
245 ## - TITLE STATEMENT
Title Antioxidants :
Statement of responsibility, etc by Robert Youngson
Remainder of title vitamin C and E for health /
260 ## - PUBLICATION, DISTRIBUTION, ETC. (IMPRINT)
Place of publication, distribution, etc New Delhi
Name of publisher, distributor, etc Orient Paperbacks
Date of publication, distribution, etc 2011
270 ## - ADDRESS
Address 5A/8 Ansari Road
City New Delhi
Postal code 110002
300 ## - PHYSICAL DESCRIPTION
Extent 136p.
Dimensions 22cm(pbk)
500 ## - GENERAL NOTE
General note Includes bibliographical references and index
942 ## - ADDED ENTRY ELEMENTS (KOHA)
Source of classification or shelving scheme Dewey Decimal Classification
Item type English Books
Classification part 613.2
Call number suffix YOU
Holdings
Withdrawn status Lost status Not for loan Collection code Home library Current library Date acquired Source of acquisition Cost, normal purchase price Full call number Barcode Copy number Cost, replacement price Koha item type
    Not For Loan Non-fiction D.B.Act.Division D.B.Act.Division 04/06/2013 DBAD/PUB 195.00 613.2 YOU EN-91050 1 195.00 English Books

© Delhi Public Library
Hit Counter
free hit counter